| 000 | 00406nam a2200169Ia 4500 | ||
|---|---|---|---|
| 008 | 230711s9999||||xx |||||||||||||| ||und|| | ||
| 020 | _a978-7-5623-3780-5 | ||
| 041 | _aENG | ||
| 082 |
_a720 _bTA-W |
||
| 100 | _aTart,J | ||
| 245 | 0 | _aWorld Architecture 6 :: hospital building | |
| 250 | _a1st Ed. | ||
| 260 |
_c2012 _aChina _bJ Tart Publishing |
||
| 300 | _a297 | ||
| 650 | _aArchitecture | ||
| 942 | _cBK | ||
| 999 |
_c5730 _d5730 |
||